| 000 | 00537nam a2200157 a 4500 | ||
|---|---|---|---|
| 005 | 20140412111311.0 | ||
| 008 | 001109s19uu xx 00 eng d | ||
| 050 |
_aTR(PS E _bSe1 1988 |
||
| 100 | _aBennett, David | ||
| 245 |
_aSeason / _cwords by David Bennett. |
||
| 260 |
_aToronto : _bA Bantam Little Rooster Book, _c1988. |
||
| 300 | _a25 p. ; ill. | ||
| 520 | _aA Simple explanation of why there are seasons and a description of some of nature's events during them. | ||
| 650 | _aSeasons - - Juvenile Literature | ||
| 999 |
_c103969 _d103969 |
||